000 00612nam a2200193Ia 4500
003 GCL
008 140319s9999 xx 000 0 ara d
040 _aGCL /
_cGCL
082 0 4 _a330.94
_bص م
100 1 _aصقر احمد صقر
245 1 0 _aمحاضرات فى التطور الاقتصادى /
_cصقر احمد صقر
260 _a[S.N] :
_bلجنة الاعلام والدراسات المستقبلية ،
_c1990
300 _a279 ص
490 _a
650 0 4 _aالاحوال الاقتصادية
650 0 4 _aتاريخ العصور الوسطى
650 0 4 _aاوربا
942 _2ddc
_cBK
999 _c44858
_d44858